El arte de conspirar (Record no. 157068)
[ view plain ]
| 000 -LEADER | |
|---|---|
| campo de control de longitud fija | 00866nam a22002295i 4500 |
| 001 - NÚMERO DE CONTROL | |
| campo de control | 157068 |
| 003 - IDENTIFICADOR DE NÚMERO DE CONTROL | |
| campo de control | ES-MaACL |
| 005 - FECHA Y HORA DE LA ÚLTIMA TRANSACCIÓN | |
| campo de control | 20231226145007.0 |
| 008 - DATOS DE LONGITUD FIJA--INFORMACIÓN GENERAL | |
| campo de control de longitud fija | 040809q18501900sp a |||| | spa d |
| 040 ## - FUENTE DE CATALOGACIÓN | |
| Centro catalogador/agencia de origen | CAM |
| Lengua de catalogación | spa |
| Centro/agencia transcriptor | CAM |
| 100 1# - ENTRADA PRINCIPAL--NOMBRE DE PERSONA | |
| Nombre de persona | Larra, Mariano José de, |
| Fechas asociadas al nombre | 1809-1837 |
| 9 (RLIN) | 70287 |
| 245 13 - MENCIÓN DEL TÍTULO | |
| Título | El arte de conspirar |
| Resto del título | : comedia en cinco actos / |
| Mención de responsabilidad, etc. | arreglada al teatro español por Mariano José de Larra (Figaro). |
| 260 ## - PUBLICACIÓN, DISTRIBUCIÓN, ETC. | |
| Lugar de publicación, distribución, etc. | [S.l. : |
| Nombre del editor, distribuidor, etc. | s.n., |
| Fecha de publicación, distribución, etc. | s.a.] |
| 300 ## - DESCRIPCIÓN FÍSICA | |
| Extensión | 30 p. : |
| Otras características físicas | il. ; |
| Dimensiones | 27 cm. |
| 490 1# - MENCIÓN DE SERIE | |
| Mención de serie | Museo dramatico ilustrado |
| 500 ## - NOTA GENERAL | |
| Nota general | Datos tomados de comienzo de texo. |
| 596 ## - NOTA AL PIE DE IMPRENTA | |
| NOTA AL PIE DE IMPRENTA | Probablemente impreso en la segunda mitad del siglo XIX. |
| 599 ## - NOTA A LAS ILUSTRACIONES | |
| NOTA A LAS ILUSTRACIONES | Precede al tit. grab. |
| 830 0# - PUNTO DE ACCESO ADICIONAL DE SERIE-TÍTULO UNIFORME | |
| Título uniforme | Museo dramatico ilustrado |
| 9 (RLIN) | 221750 |
| 852 ## - LOCALIZACIÓN | |
| Ubicación | ES-MaACL |
| Número de control de estantería | T-1440-F-11 |
| Nota libre | -- Enc. hol. |
| -- | -- Enc. en un vol. facticio |
| Estatus retirado | Estado de pérdida | Estado de daño | No para préstamo | Colección | Biblioteca de origen | Biblioteca actual | Ubicación en estantería | Fecha de adquisición | Total de préstamos | Signatura topográfica completa | Código de barras | Visto por última vez | Precio de reemplazo | Tipo de ítem Koha |
|---|---|---|---|---|---|---|---|---|---|---|---|---|---|---|
| Colección de folletos | Biblioteca del Ateneo de Madrid | Biblioteca del Ateneo de Madrid | Depósito folletos | 17/01/2008 | T-1440-F-11 | 1164336 | 23/02/2023 | 23/02/2023 | Folleto |
